书目信息 |
| 题名: |
性传播疾病
|
|
| 作者: | 肯尼思 A.博哈特 , 迈克尔 A.诺布尔 编著 ;连石 译 | |
| 分册: | ||
| 出版信息: | 北京 科学技术文献出版社 2000 |
|
| 页数: | 322页 | |
| 开本: | 26cm | |
| 丛书名: | ||
| 单 册: | ||
| 中图分类: | R759 | |
| 科图分类: | ||
| 主题词: | 性病 | |
| 电子资源: | ||
| ISBN: | 7-5023-3535-8 | |
| 000 | 00949nam0 2200253 45 | |
| 001 | 0190014681 | |
| 005 | 20070618172414.12 | |
| 010 | @a7-5023-3535-8@dCNY43.00 | |
| 100 | @a19921223d2000 em y0chiy0121 ea | |
| 101 | 0 | @achi |
| 102 | @aCN@b110000 | |
| 105 | @af z 000yy | |
| 200 | 10 | @a性传播疾病@AXING CHUAN BO JI BING@f(美)肯尼思 A.博哈特,(加)迈克尔 A.诺布尔编著@F(mei)ken ni si A.bo ha te,(jia)mai ke er A.nuo bu er bian zhu@g连石等译@Glian shi deng yi |
| 210 | @a北京@c科学技术文献出版社@d2000 | |
| 215 | @a322页@c照片@d26cm | |
| 330 | @a本书介绍了20多种性传播疾病的临床特点、诊断和鉴别诊断、治疗方法和预防等,并附有实验室检查技术。 | |
| 540 | 1 | @a性 传播 疾病@AXING CHUAN BO JI BING |
| 606 | @a性病 | |
| 690 | @aR759@v4 | |
| 701 | 0 | @a肯尼思 A.博哈特@Aken ni si A.bo ha te@4编著 |
| 701 | 0 | @a迈克尔 A.诺布尔@Amai ke er A.nuo bu er@4编著 |
| 702 | 0 | @a连石@Alian shi@4译 |
| 801 | 0 | @aCN@bTSSF@c20070618 |
| 905 | @a10447@dR759@e5 | |
| 性传播疾病/(美)肯尼思 A.博哈特,(加)迈克尔 A.诺布尔编著/连石等译.-北京:科学技术文献出版社,2000 |
| 322页:照片;26cm |
| ISBN 7-5023-3535-8:CNY43.00 |
| 本书介绍了20多种性传播疾病的临床特点、诊断和鉴别诊断、治疗方法和预防等,并附有实验室检查技术。 |
| ● |
| 相关链接 |
|
|
|
|
正题名:性传播疾病
索取号:R759/5
 
预约/预借
| 序号 | 登录号 | 条形码 | 馆藏地/架位号 | 状态 | 备注 |
| 1 | 0652302 | 206523029 | 库房3/ [索取号:R759/5] | 在馆 |